Geometric modeling with splines : an introduction

Αποθηκεύτηκε σε:
Λεπτομέρειες βιβλιογραφικής εγγραφής
Κύριος συγγραφέας: Cohen, Elaine 1944-
Άλλοι συγγραφείς: Riesenfeld, Richard F., Elber, Gershon 1960-
Μορφή: Βιβλίο
Γλώσσα:English
Δημοσίευση: Natick, Mass. : AK Peters, c2001
Θέματα:
Ετικέτες: Προσθήκη ετικέτας
Δεν υπάρχουν, Καταχωρήστε ετικέτα πρώτοι!

MARC

LEADER 00000nam a2200000 i 4500
001 1/33792
008 030304s2001 eng d
020 |a 1-56881-137-3 
035 |l 10069576 
040 |a GR-MY-UA  |b gre  |e aacr 
041 0 |a eng 
082 0 |a 516.352  |2 (21) 
100 1 |a Cohen, Elaine  |d 1944- 
245 1 0 |a Geometric modeling with splines :  |b an introduction /  |c Elaine Cohen, Richard F. Riesenfeld, Gershon Elber 
260 |a Natick, Mass. :   |b AK Peters,   |c c2001 
300 |a xiv, 616 p.;  |b ill.;  |c 24 cm. 
504 |a Includes bibliography (p.607-612) and index 
650 0 0 |a Curves on surfaces  |x Mathematical models. 
650 0 0 |a Surfaces  |x Mathematical models. 
650 0 0 |a Spline theory. 
650 0 0 |a Computer-aided design. 
700 1 |a Riesenfeld, Richard F. 
700 1 |a Elber, Gershon  |d 1960- 
852 |a INST  |b SYROS  |e 20030304  |h 516.352 COH  |p 005500002369  |q 005500002369  |t BK  |y 0 
901 |a BIBL5-2003-1 
909 |a Ε  |b 103328 
922 |a 5ΕΛΗ  |b 200210  |c ΤΜΣΠΣ  |d ΠΑΠΑΣΩΤΗΡΙΟΥ 
950 |a 183-2002-10-19 
970 |a ΜΑΝΩΛΑΡΑΚΗ  |b ΜΑΡΙΑ  |z 2003/03/14